| 000 | 00426nam a2200169 a 4500 | ||
|---|---|---|---|
| 001 | 0000-8741 | ||
| 003 | ELIB.Books | ||
| 008 | 110520 1993 | ||
| 035 | _a(ELIB.Books)0000-8887 | ||
| 082 |
_a230 _bLak |
||
| 100 | _aLak, Yeow Choo | ||
| 245 | _aTheology and Politics | ||
| 260 |
_bSingapore: Union Theological Seminary _c1993 |
||
| 650 | _aTheology | ||
| 942 |
_2ddc _cBK |
||
| 998 |
_cbat _e2011-05-20 |
||
| 999 |
_c8741 _d8741 |
||